01002cam a2200265 a 45000010005000000030008000050050017000130080041000300350050000710400032001210410011001530820027001642450195001912600042003863000021004284900029004495040041004786500031005196500030005506500032005807000040006127000025006527000039006778300020007164044BD-RjUL20211208233826.0131221s1976 ru b 000 0 eng  a(BD-RjUL)4078aOCLC ocm02543617 from D961001M aDLCcDLCdEQOdBD-RjULbeng1 aengrus0 a331.76150947bSCI 197604aThe scientific intelligentsia in the USSR :b(structure and dynamics of personnel) /cedited by D. M. Gvishiani, S. R. Mikulinsky, S. A. Kugel ; [translated from the Russian by Jane Sayers]. aMoscow :bProgress Publishers,c1976. a247 p. ;c21 cm.1 aProgress socialism today aIncludes bibliographical references. 0aProfessionszSoviet Union. 0aScientistszSoviet Union. 0aLabor supplyzSoviet Union.1 aGvishiani, Dzhermen Mikhaĭlovich.1 aMikulinskiĭ, S. R.1 aKugelʹ, S. A.q(Samuil Aronovich) 0aSocialism today